[Event "Desafio Municipal"]
[Site "http://www.queenalice.com/game.php?id=703370"]
[Date "2009.12.25"]
[Round "-"]
[White "rborges"]
[Black "jcmulatinho"]
[Result "1-0"]
[WhiteElo "1838"]
[BlackElo "1309"]

1. d4 d5 2. c4 f5 3. Nc3 Nf6 4. e3 a6 5. cxd5 Nxd5 6. Bc4 Nxc3 7. bxc3 b5 8. Bb3
e6 9. Nf3 Nc6 10. O-O Bd6 11. d5 exd5 12. Qxd5 Bb7 13. Qf7# 1-0

[Event "Challenge"]
[Site "http://www.queenalice.com/game.php?id=704406"]
[Date "2009.12.27"]
[Round "-"]
[White "galo4kid"]
[Black "rborges"]
[Result "0-1"]
[WhiteElo "1709"]
[BlackElo "1915"]

1. e4 c5 2. e5 e6 3. f4 Nc6 4. Qg4 g6 5. Bc4 Bg7 6. Nf3 d6 7. Bb5 Ne7 8. d4 cxd4
9. Nxd4 O-O 10. Nxc6 Nxc6 11. O-O dxe5 12. Bxc6 Qd4+ 13. Kh1 bxc6 14. Rd1 Qe4
15. Nc3 Qxc2 16. Rd2 Qf5 17. Qxf5 exf5 18. fxe5 Bxe5 19. Ne2 Ba6 20. Ng1 Rfe8
21. Rb1 Bc7 22. Nf3 Rad8 23. Rxd8 Bxd8 24. Bf4 Bf6 25. b3 Re2 26. a4 Bd3 27. Rc1
Be4 28. b4 a6 29. Bd6 Rc2 30. Rxc2 Bxc2 31. a5 Be4 32. Nd2 Bg5 33. Nc4 f4 34.
Nb6 f3 35. gxf3 Bxf3+ 36. Kg1 Be3+ 37. Kf1 f5 38. Nc4 Bd4 39. Nd2 Bg4 40. Nb3
Be3 41. Bc5 f4 42. Na1 Bxc5 43. bxc5 Bd1 44. Ke1 Ba4 45. Ke2 Kf7 46. Kf3 g5 47.
h3 Ke6 48. Ke4 h6 49. Kf3 Kf5 50. Ke2 h5 51. Kd2 g4 52. hxg4+ hxg4 53. Ke2 g3
54. Kf3 Bd1+ 55. Kg2 Kg4 56. Kf1 f3 57. Ke1 Ba4 58. Kf1 Kh3 59. Kg1 f2+ 60. Kf1
Bb5# 0-1

[Event "Challenge"]
[Site "http://www.queenalice.com/game.php?id=712131"]
[Date "2010.1.11"]
[Round "-"]
[White "extermination"]
[Black "rborges"]
[Result "0-1"]
[WhiteElo "1707"]
[BlackElo "1919"]

1. e4 c5 2. Nf3 d6 3. Nc3 Nc6 4. Bb5 Bd7 5. d3 Nf6 6. Nd5 Nxd5 7. exd5 Qa5+ 8.
Bd2 Qxb5 9. dxc6 Bxc6 10. O-O Qxb2 11. Re1 g6 12. c3 Qb6 13. Qe2 O-O-O 14. d4
cxd4 15. Rab1 Qc7 16. Nxd4 e5 17. Nb3 f5 18. c4 b6 19. Bg5 Be7 20. Bd2 f4 21.
Bxf4 Kb8 22. c5 exf4 23. cxb6 axb6 24. Nd2 Rde8 25. Nc4 b5 26. a4 Qb7 27. Na5
Qa6 28. Nxc6+ Qxc6 29. Rxb5+ Kc7 30. Qd2 Bg5 0-1

[Event "Challenge"]
[Site "http://www.queenalice.com/game.php?id=712913"]
[Date "2010.1.13"]
[Round "-"]
[White "rborges"]
[Black "Nyvang"]
[Result "0-1"]
[WhiteElo "1940"]
[BlackElo "1849"]

1. d4 g6 2. e4 b6 3. Nc3 Bg7 4. Be3 Bb7 5. f4 c5 6. Nf3 Nf6 7. Bd3 Ng4 8. Bg1 d5
9. e5 c4 10. Be2 e6 11. Ng5 Nh6 12. g4 f6 13. Nxe6 Qe7 14. Nb5 Na6 15. Nxg7+
Qxg7 16. Nd6+ Kf8 17. Nb5 Qd7 18. Nc3 f5 19. gxf5 Qxf5 20. Qd2 Nb4 21. O-O-O Bc6
22. Kb1 a5 23. a4 Kg7 24. Be3 Ng4 25. Bxg4 Qxg4 26. Rhg1 Qf5 27. Rg5 Qd7 28. f5
Bxa4 29. f6+ Kf7 30. Nxa4 Qxa4 31. Qg2 Rae8 32. Rf1 Qa2+ 33. Kc1 Qa1+ 34. Kd2
Qxb2 35. Kd1 c3 36. Bc1 Qa2 37. Rg3 Qc4 38. Re3 Qxd4+ 0-1

[Event "Rematch"]
[Site "http://www.queenalice.com/game.php?id=720972"]
[Date "2010.1.26"]
[Round "-"]
[White "Bishopscup"]
[Black "rborges"]
[Result "0-1"]
[WhiteElo "1727"]
[BlackElo "1929"]

1. Nf3 d5 2. b3 c5 3. Bb2 Nc6 4. e3 e6 5. d4 cxd4 6. exd4 Nf6 7. Be2 Be7 8. O-O
O-O 9. c4 dxc4 10. Bxc4 b6 11. Nc3 a6 12. Ne2 b5 13. Bd3 Bb7 14. a3 Rc8 15. b4
Nb8 16. Ng3 Bd5 17. Ng5 h6 18. Nh3 Bc4 19. Nf4 e5 20. Nfe2 exd4 21. Re1 g6 22.
Nf4 Re8 23. Ne4 Nc6 24. Nd2 Bxd3 25. Nxd3 Bd6 26. Qf3 Ne5 27. Nxe5 Bxe5 28. Qh3
Rc2 29. Nf3 Bxh2+ 30. Nxh2 Rxb2 31. Qxh6 Rbe2 32. Nf3 Ng4 33. Ng5 Rxe1+ 0-1

[Event "Match carioca 2"]
[Site "http://www.queenalice.com/game.php?id=730482"]
[Date "2010.2.12"]
[Round "-"]
[White "rborges"]
[Black "Fernandoventura"]
[Result "1-0"]
[WhiteElo "1928"]
[BlackElo "1571"]

1. d4 f5 2. g3 Nf6 3. Bg2 g6 4. Nf3 Bg7 5. O-O d6 6. c4 O-O 7. Nc3 Qe8 8. b3 Nc6
9. Nb5 Qd7 10. Bg5 Ne4 11. Re1 a6 12. Na3 1-0

[Event "Challenge"]
[Site "http://www.queenalice.com/game.php?id=733757"]
[Date "2010.2.18"]
[Round "-"]
[White "rborges"]
[Black "archangel"]
[Result "1/2-1/2"]
[WhiteElo "1916"]
[BlackElo "1774"]

1. d4 c5 2. d5 e5 3. e4 d6 4. Nc3 Nf6 5. Nf3 Be7 6. Be2 O-O 7. O-O a5 8. b3 Bd7
9. h3 a4 10. Bd2 axb3 11. cxb3 Na6 12. a3 Nc7 13. a4 Qb8 14. Qc2 b5 15. Rfb1 b4
16. Nd1 Qd8 17. Ne3 h6 18. Rc1 Ra7 19. Qd3 Qa8 20. Nf5 Re8 21. Bxh6 gxh6 22.
Nxh6+ Kf8 23. Nh2 Bb5 24. Qf3 Bxe2 25. Qxe2 Rb8 26. N2g4 Nb5 27. Nxf6 Bxf6 28.
Qg4 Bg7 29. Nf5 f6 30. axb5 Rbb7 31. Rxa7 Qxa7 32. Nxd6 Rd7 33. b6 Qa3 34. Qxd7
Qxc1+ 35. Kh2 Qf4+ 36. Kg1 1/2-1/2

[Event "Challenge"]
[Site "http://www.queenalice.com/game.php?id=733768"]
[Date "2010.2.18"]
[Round "-"]
[White "archangel"]
[Black "rborges"]
[Result "0-1"]
[WhiteElo "1785"]
[BlackElo "1905"]

1. d4 Nf6 2. Bg5 d5 3. c4 dxc4 4. Bxf6 exf6 5. e4 b5 6. Nc3 a6 7. g3 c6 8. Nf3
Be7 9. Bg2 O-O 10. O-O a5 11. Qe2 Bg4 12. Rad1 Bb4 13. a3 Bxc3 14. bxc3 Re8 15.
h3 Bh5 16. Qc2 Bg6 17. Rfe1 Ra7 18. Nh4 Re6 19. f4 Bxe4 20. Bxe4 g6 21. d5 cxd5
22. f5 Ree7 23. Rxd5 Qb6+ 24. Kf1 Rad7 25. fxg6 fxg6 26. g4 Re5 27. Qd2 Qe6 28.
Rxd7 Nxd7 29. Rd1 Rxe4 30. Qxd7 Re1+ 31. Kf2 Qe3+ 32. Kg2 Re2+ 33. Kh1 Qxh3+ 34.
Kg1 Qh2+ 35. Kf1 Qf2# 0-1

[Event "AUTO-INT-1526"]
[Site "http://www.queenalice.com/game.php?id=760768"]
[Date "2010.4.14"]
[Round "2"]
[White "cristiane4"]
[Black "rborges"]
[Result "0-1"]
[WhiteElo "1575"]
[BlackElo "1922"]

1. e4 c5 2. Nf3 e6 3. Bc4 d5 4. Bb5+ Nd7 5. exd5 exd5 6. O-O a6 7. Be2 Ngf6 8.
c3 Be7 9. Re1 O-O 10. d4 b6 11. Nbd2 Bb7 12. Qc2 h6 13. Bd1 Bd6 14. Qf5 Re8 15.
Rxe8+ Qxe8 16. Bc2 Qe7 17. Nh4 Qe1+ 18. Nf1 Bxh2+ 19. Kxh2 Qxf1 20. Nf3 Qxf2 21.
Bf4 g6 22. Qh3 Qxc2 23. Bxh6 Qxb2 24. Re1 Qxc3 25. dxc5 bxc5 26. Bf4 Qc2 27. Qh6
Ng4+ 0-1

[Event "AUTO-INT-1526"]
[Site "http://www.queenalice.com/game.php?id=760769"]
[Date "2010.4.14"]
[Round "2"]
[White "rborges"]
[Black "cristiane4"]
[Result "1-0"]
[WhiteElo "1924"]
[BlackElo "1640"]

1. d4 d5 2. c4 c6 3. Nf3 Bg4 4. Ne5 Bh5 5. cxd5 Qxd5 6. Nc3 Qa5 7. g4 Bg6 8.
Nxg6 fxg6 9. Bd2 e6 10. a3 Qb6 11. Bc1 Nd7 12. b4 Be7 13. Bg2 Ngf6 14. h3 Rd8
15. Bf4 O-O 16. e4 e5 17. Be3 exd4 18. Bxd4 c5 19. bxc5 Nxc5 20. Nd5 Qa5+ 21.
Bc3 Qb5 22. Nxe7+ Kf7 23. Qe2 Qxe2+ 24. Kxe2 Kxe7 25. f3 b6 26. Rhd1 Rxd1 27.
Rxd1 a6 28. Bb4 h6 29. f4 Ke6 30. f5+ gxf5 31. gxf5+ Kf7 32. e5 Nh5 33. Kf3 Re8
34. Kg4 g6 35. fxg6+ Kxg6 36. Rd6+ Ne6 37. Be4+ Kf7 38. Kxh5 Ng5 39. Bg6+ 1-0

[Event "Pinimba"]
[Site "http://www.queenalice.com/game.php?id=773467"]
[Date "2010.5.10"]
[Round "-"]
[White "dahora"]
[Black "rborges"]
[Result "1-0"]
[WhiteElo "2143"]
[BlackElo "1912"]

1. d4 Nf6 2. c4 e6 3. Nc3 Bb4 4. Nf3 b6 5. Bg5 Bb7 6. e3 d5 7. Be2 O-O 8. O-O
Nbd7 9. Qa4 Be7 10. Rac1 c6 11. h3 a5 12. Qc2 h6 13. Bh4 Rc8 14. Nd2 Ba6 15. f4
c5 16. cxd5 Bxe2 17. Nxe2 exd5 18. Nf3 Ne4 19. Bxe7 Qxe7 20. Qd1 c4 21. Nc3 Ndf6
22. Ne5 Qb4 23. Qc2 b5 24. a3 Qe7 25. Nxb5 Rb8 26. Nc6 1-0

[Event "Challenge"]
[Site "http://www.queenalice.com/game.php?id=780532"]
[Date "2010.5.25"]
[Round "-"]
[White "rborges"]
[Black "Bishopscup"]
[Result "1-0"]
[WhiteElo "1910"]
[BlackElo "1762"]

1. d4 c6 2. c4 d5 3. Nf3 Bg4 4. Ne5 h5 5. cxd5 Qa5+ 6. Bd2 Qxd5 7. Nc3 Qxd4 8.
Nxg4 hxg4 9. Be3 Qb4 10. Qc2 e6 11. O-O-O Be7 12. g3 Nf6 13. Bg2 Nbd7 14. Kb1 c5
15. h3 O-O-O 16. a3 Qb6 17. h4 Rh5 18. Rd2 Ne8 19. Rhd1 g5 20. Qa4 Nd6 21. Bxg5
Nf6 22. Bxf6 Qc7 23. Bxe7 Qxe7 24. Rxd6 Rxd6 25. Rxd6 a6 26. Bxb7+ Qxb7 27. Qe8+
Kc7 28. Qd8# 1-0

[Event "math chess..."]
[Site "http://www.queenalice.com/game.php?id=788306"]
[Date "2010.6.10"]
[Round "-"]
[White "rborges"]
[Black "nsarquis"]
[Result "1-0"]
[WhiteElo "1920"]
[BlackElo "1502"]

1. d4 Nf6 2. c4 e6 3. Nf3 Ne4 4. a3 d5 5. e3 Bd6 6. c5 Be7 7. Be2 b6 8. b4 a5 9.
Bb5+ Bd7 10. Bxd7+ Qxd7 11. Bb2 O-O 12. O-O axb4 13. axb4 Rxa1 14. Bxa1 Na6 15.
Qb3 Ra8 16. Nc3 Nxb4 17. Ne5 Nd2 18. Qb2 Nxf1 19. Nxd7 Nd3 20. Qb1 Nd2 21. Qd1
Nc4 22. g3 bxc5 23. Qxd3 Rxa1+ 24. Kg2 cxd4 25. Qxd4 Ra5 26. e4 c5 27. Qd3 Nb2
28. Qc2 Ra7 29. Nxc5 Bxc5 30. Qxb2 d4 31. Qb8+ 1-0

[Event "Desafio das Capivaras"]
[Site "http://www.queenalice.com/game.php?id=1033371"]
[Date "2012.2.26"]
[Round "-"]
[White "rborges"]
[Black "dahora"]
[Result "1-0"]
[WhiteElo "1931"]
[BlackElo "2108"]

1. d4 e6 2. c4 b6 3. Nc3 Bb7 4. e4 f5 5. f3 fxe4 6. fxe4 Bb4 7. Bd3 Bxc3+ 8.
bxc3 Bxe4 9. Qh5+ g6 10. Qe5 Bxd3 11. Qxh8 Qh4+ 12. Kd2 Bf5 13. Qxg8+ Ke7 14.
Qg7+ Kd6 15. Qe5+ Ke7 16. Nf3 Qh6+ 17. Ke1 Qf8 18. Qxc7 Nc6 19. Ba3+ Nb4 20.
Bxb4+ Kf7 21. Qxd7+ Kg8 22. Bxf8 Rxf8 23. Ng5 Rf6 24. Qd8+ Rf8 25. Qe7 1-0

[Event "Challenge"]
[Site "http://www.queenalice.com/game.php?id=1033372"]
[Date "2012.2.26"]
[Round "-"]
[White "jcmulatinho"]
[Black "rborges"]
[Result "0-1"]
[WhiteElo "1486"]
[BlackElo "1929"]

1. d4 Nf6 2. Nc3 e6 3. e3 b6 4. Nf3 Bb7 5. Bd3 c5 6. O-O d5 7. e4 Nxe4 8. Qe2
Nxc3 9. bxc3 Be7 10. dxc5 Bxc5 11. Bb2 O-O 12. Rad1 Nd7 13. c4 Nf6 14. a3 Qe7
15. Ra1 Rfd8 16. Rfd1 Ne4 17. Bd4 Bxd4 18. Nxd4 Nc3 19. Qd2 Nxd1 20. Qxd1 dxc4
21. Bxc4 Qc5 22. Be2 Rxd4 23. Bd3 Ba6 0-1

[Event "Desafio das Capis 2 - A Vinganç"]
[Site "http://www.queenalice.com/game.php?id=1041221"]
[Date "2012.3.21"]
[Round "-"]
[White "dahora"]
[Black "rborges"]
[Result "1/2-1/2"]
[WhiteElo "2088"]
[BlackElo "1929"]

1. d4 Nf6 2. c4 e6 3. Nc3 Bb4 4. Nf3 b6 5. e3 Bb7 6. Be2 Ne4 7. Qc2 d5 8. O-O
O-O 9. Nxe4 dxe4 10. Nd2 f5 11. a3 Be7 12. f3 exf3 13. Nxf3 c5 14. Bd2 Nc6 15.
Bc3 cxd4 16. exd4 Bf6 17. Rad1 Ne7 18. b4 Qc7 19. Bb2 Rfd8 1/2-1/2

[Event "Challenge"]
[Site "http://www.queenalice.com/game.php?id=1041595"]
[Date "2012.3.22"]
[Round "-"]
[White "rborges"]
[Black "plot24"]
[Result "0-1"]
[WhiteElo "1954"]
[BlackElo "1717"]

1. d4 d5 2. c4 e6 3. Nc3 Nf6 4. Bg5 c6 5. a3 Be7 6. Qc2 dxc4 7. e3 b5 8. Nf3 O-O
9. g3 Nbd7 10. Bg2 Bb7 11. Nd2 a5 12. O-O Qb6 13. Nde4 h6 14. Bxf6 Nxf6 15.
Nxf6+ Bxf6 16. Ne2 a4 17. Rad1 Rad8 18. Rd2 Ba6 19. Rfd1 Bb7 20. e4 e5 21. f4
exd4 0-1

[Event "Desafio"]
[Site "http://www.queenalice.com/game.php?id=1234755"]
[Date "2013.11.23"]
[Round "-"]
[White "Vladimir"]
[Black "rborges"]
[Result "0-1"]
[WhiteElo "1910"]
[BlackElo "1935"]

1. d4 Nf6 2. c4 e6 3. Nc3 b6 4. Bg5 Be7 5. Nf3 Bb7 6. e3 c5 7. Be2 O-O 8. O-O d6
9. Bxf6 Bxf6 10. d5 Bxc3 11. bxc3 e5 12. e4 f5 13. Qd3 Bc8 14. h4 fxe4 15. Qxe4
Bf5 16. Qe3 Qe8 17. Ng5 h6 18. Ne4 Qe7 19. g3 Nd7 20. Bd3 Bh3 21. Rfe1 Nf6 22.
f3 Nxe4 23. Bxe4 Rf6 24. g4 h5 25. Bf5 hxg4 26. fxg4 Rxf5 27. gxf5 Qxh4 28. f6
Qg4+ 29. Kf2 Qg2# 0-1

[Event "Let's Play Chess!"]
[Site "http://www.queenalice.com/game.php?id=1581564"]
[Date "2019.8.28"]
[Round "-"]
[White "igorjava"]
[Black "rborges"]
[Result "1-0"]
[WhiteElo "1974"]
[BlackElo "1938"]

1. e4 c5 2. Nf3 d6 3. d4 cxd4 4. Nxd4 e5 5. Nf3 Nf6 6. Nc3 Nc6 7. a3 h6 8. Bc4
Be7 9. O-O O-O 10. h3 b6 11. Qd3 Bb7 12. Nd5 Nxd5 13. Bxd5 1-0

[Event "Challenge"]
[Site "http://www.queenalice.com/game.php?id=1584195"]
[Date "2019.9.21"]
[Round "-"]
[White "rodlp"]
[Black "rborges"]
[Result "1-0"]
[WhiteElo "2237"]
[BlackElo "1938"]

1. d4 d5 2. c4 c6 3. cxd5 cxd5 4. Nc3 Nf6 5. Nf3 Bf5 6. Qb3 b6 7. Bg5 e6 8. e3
h6 9. Bb5+ Nbd7 10. Bxf6 gxf6 11. O-O Bd6 12. Rfe1 Rg8 13. e4 Bg4 14. e5 fxe5
15. Nxe5 Bxe5 16. dxe5 Qh4 17. Bxd7+ Kxd7 18. Qa4+ Kc7 19. Rac1 Kd8 20. Qc6 Rc8
21. Qd6+ Ke8 22. Nb5 1-0